000 00541nam a2200193Ia 4500
003 GCL
008 140319s9999 xx 000 0 ara d
040 _aGCL /
_cGCL
082 0 4 _a332.1
_bم م
100 1 _aمحمد فخرى مكى
245 1 0 _aمدخل الى نظم المعلومات المصرفية /
_cمحمد فخرى مكى
300 _a174 ص
490 _a
650 0 4 _aنظم المعلومات
650 0 4 _aالبنوك
650 0 4 _aراس المال
650 0 4 _aالتحويل الخارجى
942 _2ddc
_cBK
999 _c37678
_d37678